[Event "Bundesliga 0506"]
[Site "Germany"]
[Date "2005.11.13"]
[Round "4.4"]
[White "Schebler, Gerhard"]
[Black "Zesch, Ludwig"]
[Result "1/2-1/2"]
[WhiteElo "2474"]
[BlackElo "2292"]
[PlyCount "112"]
[EventDate "2005.10.21"]
[EventType "team-tourn"]
[EventRounds "15"]
[EventCountry "GER"]
[SourceTitle "CBM 110"]
[Source "ChessBase"]
[SourceDate "2006.01.31"]
[SourceVersion "1"]
[SourceVersionDate "2006.01.31"]
[SourceQuality "1"]
[WhiteTeam "Muelheim Nord"]
[BlackTeam "Leipzig Gohlis"]
[WhiteTeamCountry "GER"]
[BlackTeamCountry "GER"]

1. Nf3 g6 2. d4 Nf6 3. g3 Bg7 4. Bg2 0-0 5. 0-0 d6 6. c4 c6 7. Nc3 Bf5 8. Ne1 Qc8 9. e4 Bh3 10. f3 Bxg2 11. Kxg2 e5 12. d5 c5 13. Nd3 Ne8 14. Be3 f5 15. Qd2 Nd7 16. Rae1 Nef6 17. Bg5 fxe4 18. Nxe4 Nxe4 19. Rxe4 Rf7 20. b3 Qf8 21. Ree1 a6 22. Nf2 b5 23. Ne4 h6 24. Be3 Nf6 25. Qd3 Kh7 26. Rb1 b4 27. g4 Nxe4 28. Qxe4 Bf6 29. f4 exf4 30. Rxf4 Raa7 31. Rbf1 Bg5 32. Rxf7+ Rxf7 33. Rxf7+ Qxf7 34. Bf2 Qe7 35. Qxe7+ Bxe7 36. Kf3 g5 37. Ke4 Kg6 38. Be3 Kf6 39. Bc1 Bf8 40. a3 a5 41. a4 Be7 42. h3 Bf8 43. Be3 Be7 44. Bf2 Bf8 45. h4 Be7 46. h5 Bd8 47. Be3 Be7 48. Bc1 Kf7 49. Kf5 Bf6 50. Be3 Be7 51. Bf2 Bf8 52. Bg1 Be7 53. Be3 Bf6 54. Bc1 Bd8 55. Bb2 Be7 56. Ba1 Bd8 1/2-1/2

[Event "BL2-Ost 0405"]
[Site "Germany"]
[Date "2005.02.13"]
[Round "7.5"]
[White "Seuffert, Gabriel"]
[Black "Zesch, Ludwig"]
[Result "1-0"]
[WhiteElo "2313"]
[BlackElo "2308"]
[PlyCount "47"]
[EventDate "2004.10.24"]
[EventType "team-tourn"]
[EventRounds "9"]
[EventCountry "GER"]
[SourceTitle "EXT 2007"]
[Source "ChessBase"]
[SourceDate "2006.11.23"]
[SourceVersion "1"]
[SourceVersionDate "2006.11.23"]
[SourceQuality "1"]
[WhiteTeam "Wuerzburg"]
[BlackTeam "Leipzig Gohlis"]
[WhiteTeamCountry "GER"]
[BlackTeamCountry "GER"]

1. c4 c5 2. g3 g6 3. Bg2 Bg7 4. Nc3 Nc6 5. a3 e6 6. b4 d6 7. Rb1 Nge7 8. e3 cxb4 9. axb4 Ne5 10. Qe2 d5 11. cxd5 exd5 12. d4 N5c6 13. b5 Na5 14. Ba3 0-0 15. Qa2 Re8 16. Bxe7 Rxe7 17. Nxd5 Re8 18. Ne2 Bf5 19. Rc1 Be6 20. 0-0 b6 21. Nef4 Rc8 22. Nxe6 Rxe6 23. Rxc8 Qxc8 24. Bh3 1-0

[Event "BL2-Ost 0405"]
[Site "Germany"]
[Date "2004.12.12"]
[Round "4.4"]
[White "Heidrich, Manfred"]
[Black "Zesch, Ludwig"]
[Result "1-0"]
[WhiteElo "2406"]
[BlackElo "2308"]
[PlyCount "53"]
[EventDate "2004.10.24"]
[EventType "team-tourn"]
[EventRounds "9"]
[EventCountry "GER"]
[SourceTitle "EXT 2007"]
[Source "ChessBase"]
[SourceDate "2006.11.23"]
[SourceVersion "1"]
[SourceVersionDate "2006.11.23"]
[SourceQuality "1"]
[WhiteTeam "Forchheim"]
[BlackTeam "Leipzig Gohlis"]
[WhiteTeamCountry "GER"]
[BlackTeamCountry "GER"]

1. e4 c5 2. c3 Nf6 3. e5 Nd5 4. d4 cxd4 5. cxd4 d6 6. Nf3 e6 7. Bc4 Bd7 8. Bxd5 exd5 9. Nc3 Bc6 10. Bg5 Be7 11. Bxe7 Qxe7 12. 0-0 0-0 13. Qb3 dxe5 14. dxe5 Nd7 15. Rfe1 Nc5 16. Qa3 b6 17. Nd4 Bb7 18. Rad1 Qd7 19. f4 Qg4 20. g3 h5 21. Ncb5 h4 22. Nd6 Bc8 23. Nc6 Be6 24. f5 Bd7 25. Ne7+ Kh8 26. Qe3 Ne4 27. Nxe4 1-0